| 000 | 01022nam a2200241 4500 | ||
|---|---|---|---|
| 001 | 162484 | ||
| 003 | ES-MaACL | ||
| 005 | 20230906212534.0 | ||
| 008 | 950322m18181823fr |||| | lat d | ||
| 040 |
_aEUS _bspa _cEUS |
||
| 100 | 0 |
_aJustiniano _bI _cEmperador de Oriente. _967359 |
|
| 245 | 1 | 0 |
_aPandectes de Justinien _b: mises dans un nouvel ordre, avec les lois du code et les nouvelles qui confirment, expliquent ou abrogent le droit des Pandectes / _cpar J.R. Pothier ; traduites par Bréard-Neuville. |
| 260 |
_aParis : _b[s.n.], _c1818-1823 ( _fDe l'Imprimerie de Dondey-Dupré) |
||
| 300 |
_a24 v. ; _c20 cm. |
||
| 500 | _aTexto en francés y latín. | ||
| 597 | _aPort. encarada en latín. | ||
| 630 | 0 | 4 |
_aDigesta. _9149974 |
| 650 | 4 |
_aDerecho romano- _vFuentes. _9139068 |
|
| 700 | 1 |
_aBréard-Neuville, Pierre-Antoine-Sulpice de (Abbé) _9149973 |
|
| 700 | 1 |
_aPothier, Robert Joseph. _9131306 |
|
| 852 |
_aES-MaACL _jZ-267-90 _z-- Enc. hol., deteriorada _xOlim: C-19384-407 |
||
| 999 |
_c162484 _d162484 |
||